Galway Football Top Scorers since 2020 - Statistics

General Stats
  • This quiz has been taken 7 times
    3 since last reset
  • The average score is 18 of 41
Answer Stats
Answer Club Goals Points Total % Correct
Cillian McDaid Mhuine Mheá 1 30 33
100%
Damien Comer Anach Cuain 8 49 73
100%
John Daly An Creagán/Magh Locha 0 10 10
100%
Matthew Tierney Uachtar Ard 7 66 87
100%
Paul Conroy Naomh Séamus 5 80 95
100%
Paul Kelly Maigh Cuilinn 1 6 9
100%
Robert Finnerty Bóthar na Trá/Cnoc na Cathrach 4 112 124
100%
Séan Kelly Maigh Cuilinn 5 9 24
100%
Shane Walsh Cill Chloirín/Cluain Bheirne 7 184 205
100%
Tomo Culhane Bóthar na Trá/Cnoc na Cathrach 6 9 27
100%
Finian O Laoi An Spidael 0 5 5
67%
Dylan McHugh Corafinne 0 12 12
67%
John Maher Bóthar na Trá/Cnoc na Cathrach 1 12 15
67%
Johnny Heaney Cill Áinnin 5 30 45
67%
Johnny McGrath Cathair Liathróid 0 2 2
67%
Niall Daly Cill Chonla 1 6 9
67%
Adrian Varley Seamroige Cortúin 0 6 6
33%
Cathal Sweeney Bóthar na Trá/Cnoc na Cathrach 3 16 25
33%
Cein D'Arcy Cathair Liathróid 3 11 20
33%
Daniel O'Flaherty Bóthar na Trá/Cnoc na Cathrach 0 1 1
33%
Dessie Conneely Maigh Cuilinn 1 15 18
33%
Eamonn Brannigan Naomh Míchéal 0 9 9
33%
Ian Burke Corafinne 0 6 6
33%
Jack Glynn Baile Clár na Gaillimhe 0 3 3
33%
Johnny Duane Naomh Séamus 0 1 1
33%
Liam Silke Corafinne 0 8 8
33%
Michael Daly An Creagán/Magh Locha 0 5 5
33%
Paddy Kelly An Creagán/Magh Locha 2 5 11
33%
Peter Cooke Maigh Cuilin 0 17 17
33%
Cian Hernon Bearna 0 3 3
0%
Cillian Ó Curraoin Míchéal Breathnachs 0 17 17
0%
Conor Gleeson Dún Mór 0 5 5
0%
Gary O'Donnell Realta Tuama 0 4 4
0%
Jason Leonard Corafinne 0 1 1
0%
Kieran Molloy Corafinne 0 13 13
0%
Liam Ó Conghaile An Spidael 0 4 4
0%
Matthias O Baireid 0 2 2
0%
Owen Gallagher Maigh Cuilinn 1 5 8
0%
Ronan Steede Corafinne 1 3 6
0%
Rory Cunningham 1 4 7
0%
Tony Gill Corafinne 0 2 2
0%
No matching quizzes found
Score Distribution
Percent of People with Each Score
Percentile by Number Answered
Your Score History
You have not taken this quiz since the last reset